<?xml version="1.0" encoding="UTF-8"?>
<collection xmlns="http://www.loc.gov/MARC21/slim">
 <record>
  <leader>01445nam a2200205Ia 4500</leader>
  <controlfield tag="001">TDMU_24846</controlfield>
  <controlfield tag="008">210410s9999    xx            000 0 und d</controlfield>
  <datafield tag="082" ind1=" " ind2=" ">
   <subfield code="a">370.154</subfield>
  </datafield>
  <datafield tag="090" ind1=" " ind2=" ">
   <subfield code="b">Đ455</subfield>
  </datafield>
  <datafield tag="100" ind1=" " ind2=" ">
   <subfield code="a">Hội Khoa học Tâm lý - Giáo dục Việt Nam</subfield>
  </datafield>
  <datafield tag="245" ind1=" " ind2="0">
   <subfield code="a">Động cơ học tập của người học và trách nhiệm của người dạy - Thực trạng và giải pháp</subfield>
  </datafield>
  <datafield tag="245" ind1=" " ind2="0">
   <subfield code="c">Hội Khoa học Tâm lý - Giáo dục Việt Nam</subfield>
  </datafield>
  <datafield tag="260" ind1=" " ind2=" ">
   <subfield code="a">H.</subfield>
  </datafield>
  <datafield tag="260" ind1=" " ind2=" ">
   <subfield code="b">Đại học quốc gia Hà Nội</subfield>
  </datafield>
  <datafield tag="260" ind1=" " ind2=" ">
   <subfield code="c">2015</subfield>
  </datafield>
  <datafield tag="300" ind1=" " ind2=" ">
   <subfield code="a">415tr.</subfield>
  </datafield>
  <datafield tag="520" ind1=" " ind2=" ">
   <subfield code="a">Tuyển tập công trình Khoa học Hội thảo quốc gia tổ chức ngày 17-18/7/2015 tại Thành phố Vũng Tàu (tỉnh Bà Rịa - Vũng Tàu); Gồm có: Động cơ học tập - Những vấn đề lý luận; Động cơ học tập của học sinh các cấp và của sinh viên; Người thầy và những vần đề xây dựng dộng cơ học tập cho người học; Giáo dục hình thành Động cơ học tập cho người học; TM tài liệu tham khảo tr.415</subfield>
  </datafield>
  <datafield tag="650" ind1=" " ind2=" ">
   <subfield code="a">Giáo dục</subfield>
   <subfield code="x">Động cơ học tập</subfield>
   <subfield code="x">Người học; Tâm lý học giáo dục</subfield>
  </datafield>
  <datafield tag="856" ind1=" " ind2=" ">
   <subfield code="u">http://lrc.tdmu.edu.vn/opac/search/detail.asp?aID=2&amp;ID=24846</subfield>
  </datafield>
  <datafield tag="980" ind1=" " ind2=" ">
   <subfield code="a">Trung tâm Học liệu Trường Đại học Thủ Dầu Một</subfield>
  </datafield>
 </record>
</collection>
